000 00296nam a2200133Ia 4500
008 230917s9999||||xx |||||||||||||| ||und||
020 _cRS22
040 _e190950
_aMAIN
041 _aEnglish
082 _a891.4391 G341M:F
100 _aMalsiani, Arsh
245 0 _aFizan-e-Ghalib
942 _cBK
999 _c53665
_d53665